000 00212nam a22000857a 4500
999 _c11484
_d11484
008 190527b ||||| |||| 00| 0 eng d
020 _a9789384603564
100 _97202
_aTRIPATHI P ET AL
245 _aLEARD TO PLAY JUDO